| 000 | 01306cam a22003734i 4500 | ||
|---|---|---|---|
| 001 | 7217 | ||
| 003 | FISKH | ||
| 005 | 20250703085752.0 | ||
| 008 | 140416s2015 nyua j 001 0deng | ||
| 010 | _a 2014014732 | ||
| 020 |
_a9780531219782 _qlibrary binding |
||
| 020 |
_a9780531225394 _qpbk. |
||
| 040 |
_aDLC _beng _erda _cDLC |
||
| 050 | _aND653.G7 V46 | ||
| 082 | _a759.9492 | ||
| 100 | 1 |
_aVenezia, Mike, _eauthor, _eillustrator. |
|
| 245 | 1 | 0 |
_aVincent van Gogh / _cwritten and illustrated by Mike Venezia. |
| 260 |
_aNew York : _bScholastic, _c2015. |
||
| 300 |
_a32 pages : _bcolored illustrations ; _c25 cm. |
||
| 336 |
_atext _btxt _2rdacontent |
||
| 337 |
_aunmediated _bn _2rdamedia |
||
| 338 |
_avolume _bnc _2rdacarrier |
||
| 490 | 0 | _aGetting to know the world's greatest artists | |
| 500 | _aIncludes index. | ||
| 505 | _aP | ||
| 520 | _aBriefly examines the life and work of the nineteenth-century Dutchman who was one of the greatest artists of all time. | ||
| 521 | 8 |
_a620
_bLexile |
|
| 521 | 8 |
_aP
_bRaz-Plus |
|
| 600 | 1 | 0 |
_aGogh, Vincent van, _d1853-1890 _vJuvenile literature. |
| 655 | 7 |
_aLiterature. _2lcgft _0https://id.loc.gov/authorities/genreForms/gf2014026415 |
|
| 906 |
_a7 _bcbc _corignew _d1 _eecip _f20 _gy-gencatlg |
||
| 942 |
_2ddc _cBK _n0 |
||
| 999 |
_c7217 _d7217 |
||